| 000 | 02403nam0a2200361 i 4500 | ||
|---|---|---|---|
| 001 | RU\NLR\BIBL_A\010861963 | ||
| 005 | 20260409075340.0 | ||
| 010 |
_a9785996706655 _9170 |
||
| 021 |
_aRU _b2015-68565 _94105 |
||
| 035 | _a(NILC)RuMoRGB-008014859 | ||
| 035 | _a(NLR Aleph) 010861963 | ||
| 090 |
_a10425244 _c10425244 |
||
| 100 | _a20151015d2015 km y0rusy50 ca | ||
| 101 | 0 | _arus | |
| 102 | _aRU | ||
| 105 | _ay z 000yy | ||
| 200 | 1 |
_aНравственно-патриотическое воспитание дошкольников _eсборник научно-методических материалов _fМ-во образования и науки Российской Федерации, ФГБОУ ВПО "Магнитогорский гос. технический ун-т им. Г. И. Носова", Ин-т педагогики, психологии и социальной работы, Каф. дошк. образования, Упр. образования администрации г. Магнитогорска, МОУ ДПОПР "Центр повышения квалификации и информ.-метод. работы" г. Магнитогорска _g[редкол. : Е. С. Бабунова, Н. А. Зорина, отв. ред.] |
|
| 210 |
_aМагнитогорск _cМГТУ _d2015 |
||
| 215 |
_a500 с. _cил. _d21 |
||
| 320 | _aБиблиогр. в конце ст. | ||
| 606 |
_aДошкольники _jСборники _xПатриотическое воспитание _92423492 _3RU\NLR\AUTH\661443064 |
||
| 606 |
_aДошкольники _xНравственное воспитание _jСборники _3RU\NLR\AUTH\661449101 _92435112 |
||
| 610 | 0 | _aпатриотическое воспитание дошкольников | |
| 675 | _a373 | ||
| 686 | 1 | _aЧ411.352я43 | |
| 702 | 1 |
_aЗорина _bН. А. _gНадежда Андреевна _4340 |
|
| 712 | 0 | 2 |
_4570 _aМагнитогорский государственный технический университет им. Г. И. Носова _bИнститут педагогики, психологии и социальной работы _bКафедра дошкольного образования _9487387 _3RU\NLR\AUTH\880410903 |
| 801 | 0 |
_aRU _bРГБ _c20150907 _gRCR |
|
| 942 | _cBOOK | ||
| 980 | _aNBR | ||